| 000 | 00534nam a2200181 a 4500 | ||
|---|---|---|---|
| 005 | 20140310183158.0 | ||
| 008 | 021016s19uu xx 00 eng d | ||
| 050 |
_aRC 440 _b.Is73 2001 |
||
| 100 | _aIsaacs, Ann | ||
| 245 |
_aMental health and psychiatric nursing / _cAnn Isaacs. |
||
| 260 |
_aPhiladelphia : _bLippincott, _c2001. |
||
| 300 |
_a325 p. : _c21 cm. |
||
| 440 | _aLippincott's review series | ||
| 521 | _aNUR | ||
| 650 |
_aPsychiatric nursing _xexaminations, questions, etc. |
||
| 942 |
_cBK _2lcc _kFOR |
||
| 999 |
_c19810 _d19810 |
||